000 01049cam a22003014a 4500
001 12248134
003 OSt
005 20160910145427.0
008 001204s2002 njua b 001 0 eng
010 _a 00068142
020 _a0-13-040690-2 (pbk.)
040 _aDLC
_cDLC
_dDLC
042 _apcc
050 0 0 _aHB172
_b.C36 2002
082 0 0 _aDC 338.5
_22002
_bC26p
100 1 _aCase, Karl E.
245 1 0 _aPrinciples of microeconomics /
_cKarl E. Case, Ray C. Fair.
250 _aSixth Edition
260 _aUpper Saddle River, NJ :
_bPrentice Hall,
_cc2002.
300 _axxxii, 423, [27] pages :
_billustrations ;
_c28 cm.
504 _aIncludes bibliographical references and index.
650 0 _aMicroeconomics.
700 1 _aFair, Ray C.
906 _a7
_bcbc
_corignew
_d1
_eocip
_f20
_gy-gencatlg
942 _2ddc
_cDC
999 _c4468
_d4468